Online katalóg knižníc regiónu Turca

Pritúľ si ma (Record no. 21303)

MARC details
000 -LEADER
fixed length control field 02042cam a2200541 4500
001 - CONTROL NUMBER
control field 21303
003 - CONTROL NUMBER IDENTIFIER
control field VRT
005 - DATE AND TIME OF LATEST TRANSACTION
control field 20260226120652.0
008 - FIXED-LENGTH DATA ELEMENTS--GENERAL INFORMATION
fixed length control field 181116s2018 xo a a 000 j slo
015 ## - NATIONAL BIBLIOGRAPHY NUMBER
National bibliography number SNBA2019/01
020 ## - INTERNATIONAL STANDARD BOOK NUMBER
International Standard Book Number 9788055163529 (viazané)
039 #9 - LEVEL OF BIBLIOGRAPHIC CONTROL AND CODING DETAIL [OBSOLETE]
Level of rules in bibliographic description 202404181459
Level of effort used to assign nonsubject heading access points AUTHORITY
Level of effort used to assign subject headings 202308031042
Level of effort used to assign classification AUTHORITY
Level of effort used to assign subject headings 202209191413
Level of effort used to assign classification msnk18
Level of effort used to assign subject headings 202206161231
Level of effort used to assign classification msnk18
040 ## - CATALOGING SOURCE
Original cataloging agency SVKBB
Language of cataloging slo
Transcribing agency SVKBB
Modifying agency SNK
Description conventions rda
041 1# - LANGUAGE CODE
Language code of text/sound track or separate title slo
Language code of original ger
044 ## - COUNTRY OF PUBLISHING/PRODUCING ENTITY CODE
MARC country code xo
ISO country code SK
072 #7 - SUBJECT CATEGORY CODE
Subject category code 821-93
Subject category code subdivision Literatúra pre deti a mládež (beletria)
Source konspekt
072 #7 - SUBJECT CATEGORY CODE
Subject category code 821.112.2-3
Subject category code subdivision Nemecká próza, nemecky písaná
Source konspekt
080 ## - UNIVERSAL DECIMAL CLASSIFICATION NUMBER
Universal Decimal Classification number 821.112.2-32
Edition identifier 2011
080 ## - UNIVERSAL DECIMAL CLASSIFICATION NUMBER
Universal Decimal Classification number (0.025.2)
Edition identifier 2011
080 ## - UNIVERSAL DECIMAL CLASSIFICATION NUMBER
Universal Decimal Classification number 821-93
Edition identifier 2011
080 ## - UNIVERSAL DECIMAL CLASSIFICATION NUMBER
Universal Decimal Classification number (0:82-32)
Edition identifier 2011
100 1# - MAIN ENTRY--PERSONAL NAME
Personal name Schoenwald, Sophie,
Dates associated with a name 1980-
Relationship aut
240 10 - UNIFORM TITLE
Uniform title Einmal feste drücken
Language of a work Slovensky
245 10 - TITLE STATEMENT
Title Pritúľ si ma
Statement of responsibility, etc. Sophie Schoenwaldová, Nadine Reitzová ; preklad Zuzana Dodoková
250 ## - EDITION STATEMENT
Edition statement Prvé vydanie
264 #1 - PRODUCTION, PUBLICATION, DISTRIBUTION, MANUFACTURE, AND COPYRIGHT NOTICE
Place of production, publication, distribution, manufacture Bratislava
Name of producer, publisher, distributor, manufacturer Ikar, a.s. - Stonožka
Date of production, publication, distribution, manufacture, or copyright notice 2018
300 ## - PHYSICAL DESCRIPTION
Extent 24 nečíslovaných strán
Other physical details farebné ilustrácie
Dimensions 18 cm
336 ## - CONTENT TYPE
Content type term text
Content type code txt
Source rdacontent
336 ## - CONTENT TYPE
Content type term statický obraz
Content type code sti
Source rdacontent
337 ## - MEDIA TYPE
Media type term bez média
Media type code n
Source rdamedia
338 ## - CARRIER TYPE
Carrier type term zväzok
Carrier type code nc
Source rdacarrier
500 ## - GENERAL NOTE
General note Preložené z nemčiny
500 ## - GENERAL NOTE
General note Kartónové listy
521 8# - TARGET AUDIENCE NOTE
Target audience note Pre deti od 18 mesiacov
655 #7 - INDEX TERM--GENRE/FORM
Genre/form data or focus term literatúra pre deti
Source of term SNKPH
655 #7 - INDEX TERM--GENRE/FORM
Genre/form data or focus term leporelá
Source of term SNKPH
655 #7 - INDEX TERM--GENRE/FORM
Genre/form data or focus term Children's literature
Source of term SNKPHeng
655 #7 - INDEX TERM--GENRE/FORM
Genre/form data or focus term Picture books for children
Source of term SNKPHeng
655 #7 - INDEX TERM--GENRE/FORM
Genre/form data or focus term nemecké príbehy
Source of term SNKPH
655 #7 - INDEX TERM--GENRE/FORM
Genre/form data or focus term German stories
Source of term SNKPHeng
700 1# - ADDED ENTRY--PERSONAL NAME
Personal name Reitz, Nadine,
Dates associated with a name 1976-
Relationship ill
700 1# - ADDED ENTRY--PERSONAL NAME
Personal name Dodoková, Zuzana
Dates associated with a name 1977-
Relationship trl
942 ## - ADDED ENTRY ELEMENTS (KOHA)
Source of classification or shelving scheme Dewey Decimal Classification
Koha item type Krásna literatúra pre deti
Suppress in OPAC No
949 ## - LOCAL PROCESSING INFORMATION (OCLC)
6 3830001138787
a kurukT2/SCHO1-2
b kuruk2021/F1389
o G2021/PRESKOLY/F521000293/Kováčová, B./PF/Kega
949 ## - LOCAL PROCESSING INFORMATION (OCLC)
6 270001000598664
a svkbbA 155683
b svkbbm 779728
949 ## - LOCAL PROCESSING INFORMATION (OCLC)
6 17A1350057
a snkOSD 10206
b snk2018/25077
o 2419/18
949 ## - LOCAL PROCESSING INFORMATION (OCLC)
6 17A1350058
a snkOSD 10206 D1
b snk2018/25078
o 2419/18
Holdings
Stav vyradenia Strata Poškodenie Spôsob nadobudnutia Domovská knižnica Aktuálna knižnica Dátum nadobudnutia Total checkouts Čiarový kód exemplára Date last seen Typ exemplára
      Dar Obecná knižnica Turčianska Štiavnička Obecná knižnica Turčianska Štiavnička 26.02.2026   4738000080 26.02.2026 Krásna literatúra pre deti
Projekt je podporený Slovenskou asociáciou knižníc
Prevádzkuje Turčianska knižnica Martin 2026